| 000 | 00819nam a2200253 a 4500 | ||
|---|---|---|---|
| 001 | BRCA_6164 | ||
| 005 | 20190320205345.0 | ||
| 008 | 070711s19381936nyuao#####---#000-0#eng-# | ||
| 041 | _aeng | ||
| 044 | _anyu | ||
| 050 | 4 |
_aDS647 _b.B2 C68 _c1938 |
|
| 100 | 1 |
_aCovarrubias, Miguel. _910199 |
|
| 245 | 1 | 0 |
_aIsland of Bali _cMiguel Covarrubias; wiht an album of photographs by Rose Covarrubias. |
| 260 |
_aNueva York _bAlfred A. Knopf _c1938, c1936 |
||
| 300 |
_axxv, 417 p. _bil., (algunas a color), fotografías _c24 cm. |
||
| 500 | _aIncluye lista de ilustraciuones, glosario y índice alfabético | ||
| 500 | _aK47 | ||
| 504 | _aBibliografía: p. 413-417 | ||
| 650 | 1 | 4 |
_aViajeros mexicanos _915535 |
| 651 | 4 |
_aBali, isla _915536 |
|
| 700 | 1 |
_aCovarrubias, Rose _efot. _915537 |
|
| 902 | _aGFM | ||
| 942 |
_2lcc _cB |
||
| 999 |
_c5851 _d5851 |
||